El hombre repetido /

Guardado en:
Autor Principal: Cicco, Juan
Formato: Libro
Publicado: Buenos Aires : Dintel, 1966
Materias:
Etiquetas: Agregar Etiqueta
Sin Etiquetas, Sea el primero en etiquetar este registro!
LEADER 00700nam a22002055a 4500
001 CEM.cems001671
005 20100907130736.0
008 130507s1966##################000#0#####d
003 CEMS
082 0 4 |a A868.4 
100 1 |a Cicco, Juan 
245 1 0 |a El hombre repetido /  |c Juan Cicco 
260 |a Buenos Aires :  |b Dintel,  |c 1966 
300 |a 77 p. 
505 0 |a Una lección de ilusionismo -- El hombre repetido -- Fugitivo ser -- ! Bu! !Bu! -- El hombre que quería llegar a Orense -- Un entierro de pantalones largos 
653 |a Literatura 
653 |a Literatura argentina-siglo 20 
653 |a Cuentos 
653 |a Cuento argentino 
859 |a CEMS  |b BIB. CEMS - 11 de abril  |h A868.4  |i C484-1  |p 9435.81  |t Ej.1